5HLuxD.jpg

KING HENRY VIII SENIOR AND PRIMARY SCHOOL LIBRARY OPAC

The house of sixty fathers. / (Record no. 1157)

000 -LEADER
fixed length control field 01130cam a22002891a 4500
001 - CONTROL NUMBER
control field 172835
003 - CONTROL NUMBER IDENTIFIER
control field OSt
005 - DATE AND TIME OF LATEST TRANSACTION
control field 20220803092451.0
008 - FIXED-LENGTH DATA ELEMENTS--GENERAL INFORMATION
fixed length control field 040803s1956 nyua j 000 1 eng
020 ## - INTERNATIONAL STANDARD BOOK NUMBER
International Standard Book Number 0060214813
020 ## - INTERNATIONAL STANDARD BOOK NUMBER
International Standard Book Number 0064402002 (pbk.) :
Terms of availability US
020 ## - INTERNATIONAL STANDARD BOOK NUMBER
International Standard Book Number 9780064402002
040 ## - CATALOGING SOURCE
Original cataloging agency DLC
Transcribing agency DLC
Modifying agency JFT
-- NHU
-- KH8
043 ## - GEOGRAPHIC AREA CODE
Geographic area code a-cc---
082 00 - DEWEY DECIMAL CLASSIFICATION NUMBER
Classification number FIC DEJ
100 1# - MAIN ENTRY--PERSONAL NAME
Personal name De Jong, Meindert,
Dates associated with a name 1910-
Relator term Author
245 14 - TITLE STATEMENT
Title The house of sixty fathers. /
Statement of responsibility, etc. Pictures by Maurice Sendak.
260 ## - PUBLICATION, DISTRIBUTION, ETC.
Place of publication, distribution, etc. New York :
Name of publisher, distributor, etc. Harper,
Date of publication, distribution, etc. c1956.
300 ## - PHYSICAL DESCRIPTION
Extent 189 p. :
Other physical details illus. ;
Dimensions 20 cm.
520 ## - SUMMARY, ETC.
Summary, etc. Alone in a sampan with his pig and three ducklings, a little Chinese boy is whirled down a raging river, back to the town from which he and his parents had escaped the invading Japanese, and spends long and frightening days regaining his family and new home.
650 #1 - SUBJECT ADDED ENTRY--TOPICAL TERM
Topical term or geographic name entry element World War, 1939-1945
General subdivision Fiction.
650 #0 - SUBJECT ADDED ENTRY--TOPICAL TERM
Topical term or geographic name entry element World War, 1939-1945
Geographic subdivision China
General subdivision Juvenile fiction.
650 #0 - SUBJECT ADDED ENTRY--TOPICAL TERM
Topical term or geographic name entry element Sino-Japanese Conflict, 1937-1945
Geographic subdivision China
General subdivision Juvenile fiction.
651 #1 - SUBJECT ADDED ENTRY--GEOGRAPHIC NAME
Geographic name China
General subdivision Fiction.
700 1# - ADDED ENTRY--PERSONAL NAME
Personal name Sendak, Maurice
Relator term illustrator
942 ## - ADDED ENTRY ELEMENTS (KOHA)
Source of classification or shelving scheme
Koha item type Books - Fiction
Holdings
Withdrawn status Lost status Source of classification or shelving scheme Damaged status Not for loan Collection code Permanent Location Current Location Shelving location Date acquired Total Checkouts Full call number Barcode Date last seen Date last checked out Price effective from Koha item type
          Fiction KH8 Senior School Library KH8 Senior School Library Fiction 2022-08-03 1 FIC DEJ 3KHSL000101903 2024-07-16 2023-09-14 2022-08-03 Books - Fiction

Powered By KH8 IT Dept